LIBRARY & INFORMATION CENTRE, KCAET, TAVANUR

ONLINE PUBLIC ACCESS CATALOGUE (OPAC)

Advanced mechanics of solids / (Record no. 2039)

MARC details
000 -LEADER
fixed length control field 00584cam a2200229ua 4500
020 ## - INTERNATIONAL STANDARD BOOK NUMBER
ISBN 0-07-096584-6
041 ## - LANGUAGE CODE
Language code of text/sound track or separate title eng
082 ## - DEWEY DECIMAL CLASSIFICATION NUMBER
Classification number 620.105
Item number SRI/AD
100 ## - MAIN ENTRY--AUTHOR NAME
Personal name Sreenath, L S .
245 ## - TITLE STATEMENT
Title Advanced mechanics of solids /
250 ## - EDITION STATEMENT
Edition statement 1 /
260 ## - PUBLICATION, DISTRIBUTION, ETC. (IMPRINT)
Place of publication New Delhi :
Name of publisher Tata Mc-Graw Hill Publishing Company ,
Year of publication 1980.
300 ## - PHYSICAL DESCRIPTION
Number of Pages ; .
942 ## - ADDED ENTRY ELEMENTS (KOHA)
Koha item type Books
Holdings
Withdrawn status Lost status Damaged status Home library Current library Date acquired Full call number Accession Number Koha item type
      KAUAET KAUAET 07/04/2012 620.105 SRI/AD 21152 Books
      KAUAET KAUAET 07/04/2012 620.105 SRI/AD 18721 Books
      KAUAET KAUAET 07/04/2012 620.105 SRI/AD 18720 Books
      KAUAET KAUAET 07/04/2012 620.105 SRI/AD 18572 Books
Withdrawn   Damaged KAUAET KAUAET 01/11/1988 620.105 SRI/AD 16385 Books
free website counter